00559nam a2200217Ia 450000500170000000800460001702000180006303700100008104000080009104000080009904000080010704100080011504100080012308400080013110000420013924500530018126000130023426000130024726000090026085600720026920260121170853.0008 260114s9999 xx 000 0 eng d a9783319995700 aEBOOK aCRL beng cCRL 2eng aeng qCRL aRam Prasad, Anal K. Jha, Kamal Prasad 0aExploring the Realms of Nature for Nanosynthesis bSpringer bSpringer c2018 uhttps://link.springer.com/openurl?genre=book&isbn=978-3-319-99570-0